It looks like you're offline.
Open Library logo
additional options menu

MARC record from Internet Archive

LEADER: 00698cam 2200241Mi 4500
001 ocn742442162
003 OCoLC
005 20220531103255.0
008 070904s1975 enk 000 0 eng d
040 $aDEBSZ$bger$erakwb$cDEBSZ$dOCLCQ
020 $a0233955135
020 $a9780233955131
035 $a(OCoLC)742442162
100 1 $aHowe, Robin.
245 10 $aGerman cooking /$cby Robin Howe.
260 $aLondon :$bAndre Deutsch,$c1975.
300 $a223 Seiten
336 $aText$btxt$2rdacontent/ger
337 $aohne Hilfsmittel zu benutzen$bn$2rdamedia/ger
338 $aBand$bnc$2rdacarrier/ger
029 0 $aDEBSZ$b27080675X
994 $aZ0$bP4A
948 $hNO HOLDINGS IN P4A - 2 OTHER HOLDINGS